Tretí sektor a samospráva

Samospráva vystupuje vo viacerých rolách, a preto aj jej správanie môže byť odlišné. Spoločné projekty, akcie a stretnutia. Zriadenie samostatnej vlastnej neziskovej organizácie zo strany samosprávy. Vzťahy a podoby medzi samosprávou a neziskovou organizáciou.

Uložené v:
Podrobná bibliografia
Hlavný autor: Brindzová, Zuzana
Médium: Kapitola
Jazyk:Slovak
Predmet:
Tagy: Pridať tag
Žiadne tagy, Buďte prvý, kto otaguje tento záznam!

MARC

LEADER 00000nla a2200000 4500
001 0204631
005 20240502073422.0
041 0 |a slo 
044 |a SK 
245 1 0 |a Tretí sektor a samospráva  |c Zuzana Brindzová 
520 |a Samospráva vystupuje vo viacerých rolách, a preto aj jej správanie môže byť odlišné. Spoločné projekty, akcie a stretnutia. Zriadenie samostatnej vlastnej neziskovej organizácie zo strany samosprávy. Vzťahy a podoby medzi samosprávou a neziskovou organizáciou. 
610 2 0 |a správa verejná 
610 2 0 |a samospráva 
610 2 0 |a organizácie neziskové 
610 2 0 |a formy financovania 
610 2 0 |a vzťahy vlastnícke 
610 2 0 |a služby sociálne 
610 2 0 |a dobrovoľníctvo 
100 1 |a Brindzová, Zuzana